000 01748nam a22002297a 4500
999 _c60438
_d60438
003 Ge_BSU
005 20230718152928.0
008 230718s2023ge xxu||||| |||| 00| 0 geo d
020 _a9789941984365
041 _ageo
080 _a821.353.1-092 ნ-63
100 _aნიკოლაძე, ნიკო, 1843-1928, ავტორი.
_919413
245 _aთხზულებანი : ტ. 10, (1890-1893 წწ.) /
_c ნიკო ნიკოლაძე ; ზურაბ გამეზარდაშვილის რედაქციით ; ბიბლიოგრაფიული შენიშვნები და პირთა საძიებელი დაურთო ელგუჯა თავბერიძემ ; სარედ. კოლეგია: ზურაბ გამეზარდაშვილი (მთ. რედ.), ომარ გოგიაშვილი, რისმაგ გორდეზიანი [და სხვა].
264 _aქუთაისი :
_bსაგამომცემლო ცენტრი,
_c2023.
300 _a672 გვ.:
_b22 სმ.
500 _aშენიშვნები: გვ. 651-660. პირთა საძიებელი: გვ. 661-667.
600 _2ტომი გამოიცა აკად. არჩილ ფრანგიშვილის და ლევან თარგამაძის ფინანსური მხარდაჭერით
653 _aნიკო ნიკოლაძე
700 _aგამეზარდაშვილი, ზურაბ
_eმთავარი რედ. და სხვ
_96109
773 _tნაჩუქარი
942 _2udc
_cBK